00503nam a2200169 a 450008200150000010000250001524500260004026000320006630000090009850000350010750500240014265000260016670000250019294200070021795200940022499900150031800a299.6bPAR aParrinder, Geofferey aWest African Religion aLondonbEpworth Pressc1961 a203p aincludes index and biblioraphy2 aBibliography, Index aReligion-West African1 aParrinder, Geofferey cBK 00104070aHMIbHMId2005-05-24g20.00l0o299.6 PARp05672r2005-05-24w2026-01-16yEB c5406d5406